Makroekonomické aspekty ekonomického rastu a cyklického vývoja Slovenskej republiky

Vývojové tendencie ekonomického rastu a ekonomického cyklu Slovenskej republiky v období, kedy SR vstupovala do Európskej menovej únie a v období zmien politicko-ekonomickej orientácie. Zhodnotenie vonkajšej a vnútornej ekonomickej rovnováhy.

Salvato in:
Dettagli Bibliografici
Autore principale: Novák, Marcel, 1979-
Natura: Capitolo di libro
Lingua:slovacco
Soggetti:
Tags: Aggiungi Tag
Nessun Tag, puoi essere il primo ad aggiungerne!!

MARC

LEADER 00000nla$a2200000$$$4500
001 0144934
005 20240502072612.2
041 0 |a slo 
044 |a SK 
245 1 0 |a Makroekonomické aspekty ekonomického rastu a cyklického vývoja Slovenskej republiky  |c Marcel Novák 
520 |a Vývojové tendencie ekonomického rastu a ekonomického cyklu Slovenskej republiky v období, kedy SR vstupovala do Európskej menovej únie a v období zmien politicko-ekonomickej orientácie. Zhodnotenie vonkajšej a vnútornej ekonomickej rovnováhy. 
610 2 0 |a Slovensko 
610 2 0 |a vývoj hospodársky 
610 2 0 |a produkt domáci hrubý 
610 2 0 |a kríza hospodárska 
610 2 0 |a ukazovatele makroekonomické 
610 2 0 |a rovnováha hospodárska 
100 1 |a Novák, Marcel, 1979-